[Event "SVK-ch U14"]
[Site "Liptovsky Mikulas"]
[Date "2005.04.16"]
[Round "9"]
[White "Csiba, Peter"]
[Black "Rabatin, Jakub"]
[Result "0-1"]
[WhiteElo "1555"]
[BlackElo "1494"]
[PlyCount "113"]
[EventDate "2005.04.11"]
[EventType "swiss"]
[EventRounds "9"]
[EventCountry "SVK"]
[SourceTitle "EXT 2008"]
[Source "ChessBase"]
[SourceDate "2007.11.25"]
[SourceVersion "1"]
[SourceVersionDate "2007.11.25"]
[SourceQuality "1"]

1. f4 g6 2. Nf3 c5 3. c3 Bg7 4. e4 d5 5. e5 e6 6. d4 cxd4 7. cxd4 Nc6 8. Nc3 a6 9. b4 b5 10. a4 Nxb4 11. Ba3 Bf8 12. Qb3 bxa4 13. Qxa4+ Bd7 14. Qb3 Rb8 15. Qd1 Nh6 16. Bd3 Qc7 17. Ne2 Nxd3+ 18. Qxd3 Bb5 19. Qd2 Bxe2 20. Bxf8 Kxf8 21. Qxe2 Qc3+ 22. Kf2 Rb2 23. Rhc1 Rxe2+ 24. Kxe2 Qb2+ 25. Kf1 Ng4 26. Kg1 Qf2+ 27. Kh1 Ne3 28. Rg1 Nxg2 29. Ng5 Nh4 30. Rab1 Nf3 31. Rg2 Qe3 32. Rg3 Qd3 33. Rbg1 Qxd4 34. Rxf3 h6 35. Nh3 Qe4 36. Kg2 Kg7 37. Nf2 Qe2 38. h4 h5 39. Kg3 Ra8 40. Ra1 a5 41. Rfa3 Qb5 42. Nd3 a4 43. R1a2 Qc4 44. Nf2 d4 45. Ra1 Rb8 46. Rxa4 Rb3+ 47. Kg2 Qc3 48. R1a2 Qf3+ 49. Kg1 Rb1+ 50. Kh2 Rf1 51. R4a3 Rxf2+ 52. Rxf2 Qxf2+ 53. Kh3 Qxf4 54. Rg3 d3 55. Rg2 Qf3+ 56. Kh2 Qxg2+ 57. Kxg2 0-1